| 000 | 00767 a2200229 4500 | ||
|---|---|---|---|
| 001 | 216220744 | ||
| 003 | UA-OsUOA | ||
| 005 | 20210527100652.0 | ||
| 008 | 210524b un ||||| |||| 00| 0 ukr d | ||
| 040 |
_aUA-OsUOA _bukr _cUA-OsUOA _dUA-OsUOA |
||
| 041 | _aukr | ||
| 080 | _a27 | ||
| 090 |
_a27 _bT44 |
||
| 100 | _aGuettee А. | ||
| 245 |
_aThe Papacy. Its Historic Origin and Primitive Relations with the Eastern Churches _cAbbe Guettee |
||
| 260 | _bMinos publishing Co | ||
| 300 | _a384 p. | ||
| 650 |
_2UDC _a27 Загальна історія християнської церкви |
||
| 942 |
_cBK _2udc |
||
| 955 | _a1 | ||
| 999 |
_c570645 _d570645 |
||